000 00438nam a2200133Ia 4500
008 220217s9999 xx 000 0 und d
245 0 _aMethods of testing vulcanized rubber. Part A 13. Determination of the stiffness of vulcanized rubbers at low temperature (Gehman test)
260 _c1972
500 _aStandard number: BS 903 Part A 13
650 _aGehman test
650 _aStiffness
650 _aVulcanized rubber
942 _cST
999 _c73165
_d73165